| 000 | 00668nam a22001937a 4500 | ||
|---|---|---|---|
| 003 | OSt | ||
| 005 | 20131107125944.0 | ||
| 008 | 130610b xxu||||| |||| 00| 0 eng d | ||
| 020 | _a8492001569 | ||
| 040 | _cCDMR | ||
| 100 | 1 |
_93715 _aCusachs i Correrdor, Manuel |
|
| 245 | 1 | 0 |
_aLa Costa de Llevant, 1894-1922 _b: setmanari comarcal catalanista de Canet de Mar _cManuel Cusachs i Corredor |
| 260 |
_aMataró _bCaixa d'Estalvis Laietana _c1996 |
||
| 300 |
_a277 p. _bil. b/n |
||
| 586 | _aPremi Iluro de monografia històrica, 1995 | ||
| 610 | 2 |
_93716 _aCosta de Llevant (Revista) _xHistòria |
|
| 650 | 0 | 4 |
_93717 _aPremsa comarcal _zCatalunya _y1894-1922 |
| 942 |
_2udc _cMON |
||
| 999 |
_c6425 _d6425 |
||